| 000 | | | 04324nmc2a22000003x 450 |
| 001 | | | edbb9e7e-45cf-404e-af2b-94021c0b536f |
| 005 | | | 20190110032928.0 |
| 100 | ## | $a | 20170706l18491849k l0rusy0189 ca |
| 101 | 0# | $a | rus |
| 102 | ## | $a | RU |
| 200 | 1# | $a | Дело по отношению управляющего Министерством иностранных дел о высылке получаемой актрисой А. Вальвиль-Борде пенсии через миссию во Франкфурте на Майне |
| | $j | 11-16 мая 1849 г. |
| 251 | ## | $c | Дело |
| 300 | ## | $a | По Канцелярии директора за 1849 год |
| 300 | ## | $a | Ориг. заголовок дела: Дело по отношению управляющего Министерством иностранных дел о распоряжении, чтобы получаемая бывшей актрисой А. Валвиль-Борде пенсия, была ей высылаема чрез миссию нашу во Франкфурте на Майне. 11 мая 1849 г. - 16 мая 1849 г |
| 801 | #0 | $a | RU |
| | $b | РГИА |
| | $c | 20170706 |
| | $g | RCR |
| 801 | #1 | $a | RU |
| | $b | ГлавНИВЦ |
| | $c | 20170706 |
| | $2 | rusmarc |
| 801 | #2 | $a | RU |
| | $b | ПБ им. Б.Н. Ельцина |
| | $c | 20190110 |
| | $g | RCR |
| | $2 | rusmarc |
| 850 | ## | $a | РГИА |
| 852 | ## | $a | РГИА |
| | $e | Федеральное казенное учреждение "Российский государственный исторический архив" (РГИА) |
| | $j | 12488 |
| 937 | ## | $h | РГИА |
| | $d | 12247688 |
| | $a | ASBIBLIO_SCAN |
| 462 | #0 | $1 | 001dd3991dc-24e1-42ec-8838-ca4255420416 |
| | $1 | 2001 |
| | $a | 1746-1850 гг. |
| | $1 | 251 |
| | $c | Опись |
| | $1 | 852 |
| | $j | 1 |
| 461 | #0 | $1 | 0019264ebf8-de62-4f1a-9eb4-9f22098dbbd5 |
| | $1 | 2001 |
| | $a | Дирекция императорских театров МИДв |
| | $1 | 251 |
| | $c | Фонд |
| | $1 | 852 |
| | $j | 497 |
| 215 | ## | $a | 7 л. |
| | $d | 36,5х26 см |
| 371 | ## | $a | Документ не является опубликованным и широко распространяемым |
| 105 | ## | $a | y### |
| 122 | 2# | $a | d |
| 517 | 1# | $a | Дело по отношению управляющего Министерством иностранных дел о распоряжении, чтобы получаемая бывшей актрисой А. Валвиль-Борде пенсия, была ей высылаема чрез миссию нашу во Франкфурте на Майне. 11 мая 1849 г. - 16 мая 1849 г |
| 035 | ## | $a | edbb9e7e-45cf-404e-af2b-94021c0b536f |
| 856 | ## | $u | http://readingroom.main.prlib.ru/item.aspx?id_node=n122847365&mode=full |